| 000 | 00758nam a2200241 a 4500 | ||
|---|---|---|---|
| 005 | 20220911205843.0 | ||
| 008 | 080428s2004 es r 000 0 spa d | ||
| 020 | _a8497597842 | ||
| 035 | _aUPN01000155654 | ||
| 049 | _aCG | ||
| 050 | 4 |
_aDF234 _bC3.2 2004 |
|
| 100 | 1 | _aCaratini, Roger | |
| 245 | 1 | 0 |
_aAlejandro Magno / _cRoger Caratini ; tr. Mauro Armiño. |
| 250 | _a2a ed. | ||
| 260 |
_aMadrid : _bDebolsillo, _c2004. |
||
| 300 | _a606 p. | ||
| 440 | 0 |
_aEnsayo. _pBiografía ; _v55 |
|
| 534 |
_pTitulo original: _tAlexandre Le Grand |
||
| 600 | 0 | 0 |
_aAlejandro _bIII, _cEl Magno, _d356-323 a.C. _94128 |
| 650 | 4 |
_aGENERALES - _zGRECIA - _vBIOGRAFIA _924075 |
|
| 651 | 4 |
_aGRECIA - _xHISTORIA - _yEXPANSION MACEDONICA, 359-323 A.C. _94129 |
|
| 905 | _aLibro | ||
| 999 |
_c127769 _d127769 |
||